000 00318nam a2200121Ia 4500
008 240731s9999 xx 000 0 und d
022 _a2624-3733
245 0 _aResearch and Reviews in Parkinsonism
260 _bDove Medical Press
856 _uhttps://www.tandfonline.com/loi/drls20
942 _2ddc
942 _cTFEJ
999 _c79208
_d79208
945 _a1
_bMadushi Gamage
_c1
_dMadushi Gamage